Statistics for top songs of each year 2000-2022

Click here to take the quiz!

General Stats

  • This quiz has been taken 45 times
    (43 since last reset)
  • The average score is 11 of 23

Answer Stats

HintAnswer% Correct
2014pharrell williamshappy
87%
2020the weekndBlinding Lights
79%
2022glass animalsheat waves
79%
2019lil nas xOld Town Road
79%
2017luis fonsiDespacito
69%
2015wiz khalifasee you again
69%
2012gotyeSomebody That I Used To Know
69%
2013macklemorethrift shop
67%
2010keshatik tok
62%
200350 centIn Da Club
59%
2021dua lipaLevitating
59%
2018drakegod's plan
56%
2011adelerollling in the deep
51%
2016justin bieberlove yourself
46%
2004usherYeah!
31%
2006daniel powterbad day
26%
2009the black eyed peasboom boom pow
26%
2008flo ridaLow
26%
2001life houseHanging By A Moment
21%
2002nickelbackHow You Remind Me
18%
2007beyonceIrreplaceable
15%
2005mariah careywe belong together
13%
2000faith hillBreathe
10%

Score Distribution

Percentile by Number Answered

Percent of People with Each Score

Your Score History

You have not taken this quiz since the last reset